Legal protection against custodial torture & death in India: Justification of presumption of innocence (Record no. 527707)

000 -LEADER
fixed length control field 01583nam a22001457a 4500
008 - FIXED-LENGTH DATA ELEMENTS--GENERAL INFORMATION
fixed length control field 240917b ||||| |||| 00| 0 eng d
100 ## - MAIN ENTRY--PERSONAL NAME
Personal name Pinki
245 ## - TITLE STATEMENT
Title Legal protection against custodial torture & death in India: Justification of presumption of innocence
260 ## - PUBLICATION, DISTRIBUTION, ETC. (IMPRINT)
Place of publication, distribution, etc Bihar Journal of Public Administration
300 ## - PHYSICAL DESCRIPTION
Extent 21(1S), Jan-Jun, 2024:p.414-421
520 ## - SUMMARY, ETC.
Summary, etc Although there are many constitutional and statutory provisions in place to protect the liberty and life of all persons, incidents of torture and death in police custody seem to be a common occurrence. There is no doubt that these are the most heinous crimes committed by persons, who claim to be the protectors of people. What is distressing is that the incidents of torture and death take place under the shield of uniforms and authority, within the four walls of a police station or in the lock-up, where the victims are helpless and there is no direct evidence of such crimes. Generally, it is difficult in cases of torture in custody and custodial death to secure evidence against policemen responsible since they are in charge of police station records which they do not find difficult to manipulate. As such the present paper examines the situation in the light of law and practices.- Reproduced

http://www.iipabiharbranch.org/upload/BJPA_Vol.%20XXI%20No.%201(S)%20Jan-June.%202024.pdf
650 ## - SUBJECT ADDED ENTRY--TOPICAL TERM
Topical term or geographic name as entry element Custodial torture, Custodial death, Burdon of proof, Presumption of Innocence, Protection against torture.
9 (RLIN) 47692
773 ## - HOST ITEM ENTRY
Main entry heading Bihar Journal of Public Administration
942 ## - ADDED ENTRY ELEMENTS (KOHA)
Item type Articles
Holdings
Withdrawn status Lost status Source of classification or shelving scheme Damaged status Not for loan Permanent location Current location Date acquired Serial Enumeration / chronology Barcode Date last seen Koha item type
          Indian Institute of Public Administration Indian Institute of Public Administration 2024-09-17 21(1S), Jan-Jun, 2024:p.414-421 AR133141 2024-09-17 Articles

Powered by Koha